Language Quiz

Random Language Quiz

Los gustos: Verbos en el presente Quiz Stats

 Plays Quiz not verified by Sporcle

Score 0/12 Timer 10:00
0 Plays Today
La Frase Forma del verbo % Correct
Yo (andar) en bicicleta a escuela todos los días.ando
97.8%
Ella (nadar) en la piscina por la mañana.nada
84.8%
El equipo de fútbol (querer) ganar contra New Trier.quiere
80.4%
Mi amigo (leer) sus libros en el café.lee
80.4%
Los jugadores se (poner) los uniformes antes de jugar.ponen
76.1%
Nosotros (ir) al partido a las 7:00.vamos
76.1%
Tú (salir) todos los sábados por la noche.sales
76.1%
¿(Preferir) tú el béisbol o el baloncesto?Prefieres
73.9%
Yo (jugar) el tenis en un equipo de club.juego
73.9%
Mario y Maria (ir) de excursión este fin de semana.van
73.9%
A veces yo me (dormir) en el cine.duermo
71.7%
Me gusta (pasear) por el parque después de comer mucho.pasear
65.2%

You're not logged in!

Compare scores with friends on all Sporcle quizzes.
OR
Log In

You Might Also Like...

Show Comments

Extras

Top Quizzes Today


Score Distribution

Your Account Isn't Verified!

In order to create a playlist on Sporcle, you need to verify the email address you used during registration. Go to your Sporcle Settings to finish the process.

Report this User

Report this user for behavior that violates our Community Guidelines.

Details: